Brat Pack Actors - Statistics

General Stats
  • This quiz has been taken 7,152 times
  • The average score is 5 of 8
Answer Stats
Actor % Correct
Emilio Estevez
90%
Molly Ringwald
82%
Demi Moore
76%
Rob Lowe
64%
Ally Sheedy
53%
Anthony Michael Hall
51%
Judd Nelson
49%
Andrew McCarthy
38%
No matching quizzes found
Score Distribution
Percent of People with Each Score
Percentile by Number Answered
Your Score History
You have not taken this quiz